000 01146cad a22001935a 4500
001 L152153
008 110203e20091102xxk f 000 0 eng d
035 _a(Sirsi) u152153
041 0 _aeng
110 2 _aBuilding Cost Information Service
_91096
245 0 0 _a2009 BCIS international cost elements enquiry report
_h[electronic resource]
260 _aLondon
_bRICS
_c2009
520 _aThis document reports survey information relating to early cost advice to clients, published tender price indices, elemental cost classifications for buildings, most common procurement routes, area measures used in expressing cost/m2, construction cost indices, classification of standard building types, key information sources, civil engineering elemental classification, and insurance reinstatement costs sources; the survey base was composed mainly of RICS members (primarily quantity surveyors) from 40 countries.
590 _aKA
651 4 _aInternational
690 _aBUILT ENVIRONMENT-BUILDING COSTS
856 4 0 _uhttps://www.bcis.co.uk/downloads/2009-BCIS-IntCostEnquiryRpt.pdf
_zView the item free of charge at www.bcis.co.uk
942 _n0
999 _c111897
_d111897